Armadale (Registro nro. 242599)

Detalles MARC
000 -ENCABEZADO
Número de control [NR] 01716cam a2200277 i 4500
005 - FECHA Y HORA DE LA ÚLTIMA TRANSACCIÓN
control field 20140903175112.0
008 - DE LONGITUD FIJA DE DATOS DE ELEMENTOS - INFORMACIÓN GENERAL
Elementos de longitud fija [NR] 760709s1866 xxua fr 000 1 eng d
010 ## - NUMERO DE CONTROL DE LA BIBLIOTECA DEL CONGRESO (LC) [NR]
Número de control LC [NR] 76351330
040 ## - FUENTE DE CATALOGACION [NR]
Agencia de catalogación original [NR] DLC
Quien Cataloga Sandra Yazo
Quien Clasifica Sandra Yazo
Idioma de catalogación [NR] spa
050 00 - SIGNATURA TOPOGRAFICA DE LA BIBLIOTECA DEL CONGRESO (LC) [R]
Número clasificador [R] PR4494
Número del ítem [NR] .A8 1866
082 04 - NUMERO DE CLASIFICACION DECIMAL DEWEY [R]
Número de clasificación [R] 823
Número de la edición [NR] 20
092 ## - SIGNATURA TOPOGRAFICA LOCAL
Número de clasificación local E29N022
100 1# - ASIENTO PRINCIPAL--NOMBRE PERSONAL [NR]
Nombre personal [NR] Collins, Wilkie,
Fechas asociadas con el nombre [NR] 1824-1889.
ID Autoridad 60695
242 00 - TRADUCCION DEL TITULO POR LA AGENCIA CATALOGADORA [R]
Parte restante del título [NR] Armadale
Mención de responsabilidad, etc. [NR] una novela
Nombre de la parte o sección [R] por Wilkie Collins
Código de idioma del título traducido [NR] spa
245 10 - MENCION DE TITULO [NR]
Título [NR] Armadale
Parte restante del título [NR] a novel
Mención de responsabilidad, etc. [NR] by Wilkie Collins
260 ## - PUBLICACION, DISTRIBUCION, ETC. (PIE DE IMPRENTA) [R]
Lugar de publicación, distribución, etc. [R] New York (Estados Unidos)
Nombre del editor, distribuidor, etc. [R] Harper & Brothers
Fecha de publicación, distribución, etc. [R] 1866
300 ## - DESCRIPCION FISICA [R]
Extensión [R] 320 p.
Otros detalles físicos [NR] illustración
Dimensiones [R] 24 x 15 cm.
500 ## - NOTA GENERAL [R]
Nota general [NR] Detalles físicos: Encuadernación rígida en cartón forrada en cuero, tapas repujadas, lomo con nervaduras. Guardas en papel de agua. Portada impresa en una sola página. Texto impreso de buena calidad, varias ilustraciones entre el texto, impresión en dos columnas. Papel manchado.
505 1# - NOTA DE CONTENIDO CON FORMATO PREESTABLECIDO [R]
Nota de contenido con formato preestablecido [NR] Los viajeros. ; El lado solido del carácter escoces. ; El naufragio del Buque de madera -- El misterio de Ozias en pleno invierno. ; El hombre revelado. ; Día y noche. ; La sombra del pasado. ; La sombra del futuro -- Travesura al asecho. ; Allan como un propietario de finca. ; Demandas de la sociedad. ; La marcha de eventos. ; Madre Oldershaw sobre su guardia. ; Solsticio de invierno disfrazado. ; El trama complicada. ; -- Destino u casualidad. ; La cara de la casa Maid. ; La señorita Gwilt entre arena movediza. ; El nublado cielo. ; Salida …
506 ## - NOTA DE RESTRICCIONES DE ACCESO [R]
Condiciones de acceso [NR] Consulta en sala.
546 ## - NOTA DE IDIOMA [R]
Nota de idioma [NR] Texto en inglés
650 #7 - ASIENTO SECUNDARIO DE MATERIA - TERMINO TEMATICO [R]
Término temático o nombre geográfico como elemento de entrada [NR] Novela inglesa
9 (RLIN) 20530
650 #7 - ASIENTO SECUNDARIO DE MATERIA - TERMINO TEMATICO [R]
Término temático o nombre geográfico como elemento de entrada [NR] Padres e hijos
Subdivisión de forma [R] Novela.
9 (RLIN) 56576
690 ## - ASUNTO AGREGADO LOCAL DE ENTRADA - TÉRMINO TEMÁTICO (OCLC, RLIN)
9 (RLIN) 42863
Acceso temático local Literatura europea
942 ## - ELEMENTOS DE ENTRADA AGREGADOS (KOHA)
Tema principal 18
Tipo de ítem principal el descrito en 300a Libro
Edición 1
Sistema de clasificación DEWEY
Clasificación 823
Existencias
Suprimido Perdido Sistema de clasificación Dañado No prestable Tipo de ítem específico Ubicación habitual Ubicación actual Localización Fecha de creación Forma de adquisición Costo Total préstamos Signatura topográfica Código de barras Última vez visto Ejemplar Price effective from Tipo de ítem
    LOCAL     Libro archivo Archivo Histórico Archivo Histórico Archivo histórico 07/05/2014 Donación 0.00   E29N022 L004110 07/05/2014 Ej.1 07/05/2014 Libro